Les 12 coups de midi | Coup fatal #18 - Statistiques

Statistiques générales
  • Ce quiz a été pris 866 fois
  • Le résultat moyen est 4 sur 14
Statistiques - réponses
Questions Réponses % Correct
Quand il est pressé, quel est le mode de locomotion habituel de Zorro ? cheval
63%
Quel objet effilé et piquant est plus long chez la tricoteuse que chez la couturière ? l'aiguille
63%
Quel ministère remet les médailles de l'Ordre des Arts et des Lettres ? culture
58%
Dans la chanson "Il pleut, il pleut, bergère", que doit rentrer la bergère ? moutons
56%
Quel sport pratique celui qui est récompensé par le Soulier d'or ? football
41%
Durant quelle période de l'histoire se déroule le film "L'Armée des ombres" ? Seconde Guerre mondiale
31%
En février (2024), quel château a retrouvé son char d'Appolon au centre du bassin qui surplombe les jardins ? Versaille
23%
Comment appelle-t-on le petit de l'autruche ? l'autruchon
22%
D'après sa chanson, sur quel réseau social Max Boublil a-t-il rencontré "ta mère" ? Chatroulette
20%
Quel animal est la bergeronnette ? oiseau
13%
A quelle femme écrivain doit-on le roman "Sido" ? Colette
10%
Dans la série "Friends", avec qui Ross a-t-il eu Ben, son premier enfant ? Carole
6%
Quelle institution créée en 1795 réunit cinq académies, dont la prestigieuse Académie française ? l'Institut de France
3%
Quel magazine hebdomadaire a été fondé en 1984 par Jean-François Kahn ? L'Evénement du jeudi
1%
Aucun quiz correspondant
Distribution des résultats
% des personnes avec chaque résultat
Percentile par nombre de réponses
Votre historique - résultats
Vous n’avez pas pris ce quiz